[Event "European Championship 2015"]
[Site "Jerusalem ISR"]
[Date "2015.02.25"]
[Round "2"]
[White "Bacrot, Etienne"]
[Black "Petenyi, Tamas"]
[Result "1-0"]
[WhiteElo "2711"]
[BlackElo "2428"]
[PlyCount "67"]
[EventDate "2015.02.24"]

1. d4 Nf6 2. c4 g6 3. Nc3 Bg7 4. e4 d6 5. Nf3 O-O 6. Be2 Bg4 7. Be3 a6 8. Qd2
Nbd7 9. O-O c5 10. d5 Bxf3 11. gxf3 Rb8 12. a4 Ne8 13. f4 Nef6 14. f5 gxf5 15.
exf5 e5 16. Kh1 Kh8 17. Rg1 Rg8 18. Rg3 Qe7 19. Rag1 Rbe8 20. Qc1 Qf8 21. Bg5
e4 22. Qf4 Re5 23. Rh3 Qe8 24. Bd1 Qd8 25. Rxh7+ Nxh7 26. Bxd8 Rxd8 27. Nxe4
Rxe4 28. Qxe4 Be5 29. f6 Ndxf6 30. Qh4 Bxb2 31. Bc2 Re8 32. Qh6 Ne4 33. Bxe4
Rxe4 34. Qxd6 1-0

[Event "European Championship 2015"]
[Site "Jerusalem ISR"]
[Date "2015.02.24"]
[Round "1"]
[White "Korobov, Anton"]
[Black "Murey, Jacob"]
[Result "1-0"]
[WhiteElo "2687"]
[BlackElo "2428"]
[PlyCount "65"]
[EventDate "2015.02.24"]

1. d4 f5 2. g3 Nf6 3. Bg2 g6 4. Nf3 Bg7 5. O-O O-O 6. b3 c6 7. c4 d6 8. Bb2 Ne4
9. Nbd2 Nxd2 10. Qxd2 Nd7 11. Rfd1 Nf6 12. Rac1 h6 13. e3 Bd7 14. Ne1 g5 15.
Nd3 Be8 16. Qc2 Bg6 17. b4 f4 18. exf4 gxf4 19. Qb3 fxg3 20. hxg3 Be4 21. Nf4
Bxg2 22. Kxg2 Qd7 23. d5 Qf5 24. Bxf6 Qxf6 25. c5 Qf7 26. dxc6 Qxb3 27. axb3
bxc6 28. cxd6 exd6 29. Rxc6 Rfc8 30. Rcxd6 Be5 31. Rg6+ Kf7 32. Rd7+ Ke8 33.
Rh7 1-0

[Event "European Championship 2015"]
[Site "Jerusalem ISR"]
[Date "2015.02.25"]
[Round "2"]
[White "Esen, Baris"]
[Black "Korobov, Anton"]
[Result "0-1"]
[WhiteElo "2571"]
[BlackElo "2687"]
[PlyCount "89"]
[EventDate "2015.02.24"]

1. d4 Nf6 2. c4 e6 3. Nf3 b6 4. a3 Bb7 5. Nc3 d5 6. cxd5 Nxd5 7. Qc2 Nxc3 8.
bxc3 c5 9. e4 Nd7 10. Bd3 Qc7 11. Qb1 Be7 12. O-O O-O 13. Be3 e5 14. Rc1 Kh8
15. Nd2 Rad8 16. a4 exd4 17. cxd4 Qb8 18. d5 f5 19. f3 fxe4 20. fxe4 Nf6 21.
Be2 Qe5 22. Ra3 c4 23. Rac3 Bd6 24. Nf3 Qxe4 25. Qxe4 Nxe4 26. Rxc4 Nf6 27. a5
Rde8 28. Kf2 Bxd5 29. axb6 Bxc4 30. Rxc4 h5 31. h3 Ne4+ 32. Rxe4 Rxe4 33. bxa7
Bg3+ 34. Kxg3 Rxe3 35. Bc4 Ra3 36. Bd5 Rxa7 37. h4 g6 38. Be4 Kg7 39. Ng5 Ra3+
40. Bf3 Re8 41. Kf4 Ra4+ 42. Be4 Re7 43. Kf3 Kf6 44. Kf4 Rexe4+ 45. Nxe4+ 0-1

[Event "3rd FIDE Grand Prix Series 2014/15"]
[Site "Tbilisi GEO"]
[Date "2015.02.26"]
[Round "10"]
[White "Radjabov, Teimour"]
[Black "Giri, Anish"]
[Result "1/2-1/2"]
[WhiteElo "2731"]
[BlackElo "2797"]
[PlyCount "106"]
[EventDate "2015.02.15"]

1. e4 e5 2. Nf3 Nf6 3. Nxe5 d6 4. Nf3 Nxe4 5. d4 d5 6. Bd3 Be7 7. O-O Nc6 8. c4
Nb4 9. Be2 O-O 10. Nc3 Bf5 11. a3 Nxc3 12. bxc3 Nc6 13. Re1 Re8 14. Bf4 dxc4
15. Bxc4 Bd6 16. Rxe8+ Qxe8 17. Ng5 Bg6 18. Bxd6 cxd6 19. h4 Qe7 20. Qg4 h6 21.
Nh3 Qe4 22. Nf4 Ne5 23. dxe5 Qxc4 24. e6 fxe6 25. Qxg6 Qxf4 26. Qxe6+ Kh8 27.
Rd1 Rf8 28. f3 Qxh4 29. Rxd6 Qg5 30. Rd7 Qc5+ 31. Kh2 Qh5+ 32. Kg1 Re8 33. Qg4
Qxg4 34. fxg4 b6 35. Rxa7 Rc8 36. Ra6 Rxc3 37. Rxb6 Rxa3 38. Kh2 Kh7 39. Rc6
Rd3 40. Ra6 Kg8 41. Ra7 Re3 42. Rb7 Kf8 43. g5 hxg5 44. Rb5 Kf7 45. Rxg5 Kf6
46. Ra5 g5 47. g4 Rb3 48. Rf5+ Kg6 49. Kg2 Rb4 50. Kg3 Rb3+ 51. Kg2 Rb4 52. Kg3
Rb3+ 53. Kg2 Rb4 1/2-1/2

[Event "3rd FIDE Grand Prix Series 2014/15"]
[Site "Tbilisi GEO"]
[Date "2015.02.26"]
[Round "10"]
[White "Svidler, Peter"]
[Black "Grischuk, Alexander"]
[Result "1/2-1/2"]
[WhiteElo "2739"]
[BlackElo "2810"]
[PlyCount "44"]
[EventDate "2015.02.15"]

1. d4 Nf6 2. c4 g6 3. Nc3 d5 4. cxd5 Nxd5 5. e4 Nxc3 6. bxc3 Bg7 7. Nf3 c5 8.
h3 O-O 9. Be2 cxd4 10. cxd4 Nc6 11. Be3 f5 12. Bc4+ Kh8 13. O-O fxe4 14. Ng5 e5
15. dxe5 Nxe5 16. Bd5 h6 17. Nxe4 Bxh3 18. gxh3 Nf3+ 19. Kg2 Nh4+ 20. Kg1 Nf3+
21. Kg2 Nh4+ 22. Kg1 Nf3+ 1/2-1/2

[Event "3rd FIDE Grand Prix Series 2014/15"]
[Site "Tbilisi GEO"]
[Date "2015.02.26"]
[Round "10"]
[White "Dominguez Perez, Leinier"]
[Black "Mamedyarov, Shakhriyar"]
[Result "1/2-1/2"]
[WhiteElo "2726"]
[BlackElo "2759"]
[PlyCount "107"]
[EventDate "2015.02.15"]

1. e4 c5 2. Nf3 d6 3. d4 cxd4 4. Nxd4 Nf6 5. Nc3 a6 6. f3 Qb6 7. g4 Nc6 8. Nb3
e6 9. Qe2 Qc7 10. Be3 b5 11. O-O-O Nd7 12. Qf2 Nce5 13. Rg1 Rb8 14. a3 Bb7 15.
f4 Nc4 16. Bxc4 bxc4 17. Nd2 Be7 18. g5 d5 19. f5 dxe4 20. fxe6 fxe6 21. Rgf1
Rf8 22. Qh4 Bd5 23. Rxf8+ Nxf8 24. Bf4 Bd6 25. Bxd6 Qxd6 26. Nxc4 Qc7 27. Nxe4
Kf7 28. Ned2 Kg8 29. Ne3 Rc8 30. Qg3 e5 31. Nb1 Be6 32. Nc3 Ng6 33. Ned5 Qf7
34. Qe3 Qf5 35. Ne4 Rf8 36. b3 Qg4 37. Ndc3 Nf4 38. Kb2 Bf5 39. Rd2 Ne6 40. Nd6
Qxg5 41. Re2 Qxe3 42. Rxe3 Nd4 43. Rxe5 Bxc2 44. Rd5 Rf4 45. Nce4 Bxe4 46. Rxd4
Rf2+ 47. Kc3 Bg6 48. h4 Rf3+ 49. Kb4 Bc2 50. Rc4 Rxb3+ 51. Ka5 Rxa3+ 52. Kb6
Rb3+ 53. Ka7 g5 54. Rxc2 1/2-1/2

[Event "3rd FIDE Grand Prix Series 2014/15"]
[Site "Tbilisi GEO"]
[Date "2015.02.26"]
[Round "10"]
[White "Vachier-Lagrave, Maxime"]
[Black "Jakovenko, Dmitry"]
[Result "1/2-1/2"]
[WhiteElo "2775"]
[BlackElo "2733"]
[PlyCount "60"]
[EventDate "2015.02.15"]

1. e4 e5 2. Nf3 Nc6 3. Bb5 Nf6 4. d3 Bc5 5. Nbd2 Nd4 6. Nxd4 Bxd4 7. c3 Bb6 8.
Nc4 O-O 9. O-O d5 10. exd5 Qxd5 11. a4 Bg4 12. Qe1 c6 13. Nxb6 axb6 14. Bc4 Qd6
15. Be3 Nd5 16. Bxd5 cxd5 17. f4 e4 18. dxe4 dxe4 19. f5 f6 20. Rf4 Bh5 21. Qh4
Bf7 22. Rxe4 b5 23. a5 Rfe8 24. Re1 Qd5 25. Bd4 Qxf5 26. b4 Rxe4 27. Qxe4 Qxe4
28. Rxe4 Re8 29. Rxe8+ Bxe8 30. Kf2 Kf7 1/2-1/2

[Event "3rd FIDE Grand Prix Series 2014/15"]
[Site "Tbilisi GEO"]
[Date "2015.02.26"]
[Round "10"]
[White "Kasimdzhanov, Rustam"]
[Black "Jobava, Baadur"]
[Result "1/2-1/2"]
[WhiteElo "2705"]
[BlackElo "2696"]
[PlyCount "65"]
[EventDate "2015.02.15"]

1. d4 d5 2. c4 c6 3. Nc3 Nf6 4. Nf3 dxc4 5. a4 Bg4 6. Ne5 Bh5 7. f3 Nfd7 8.
Nxc4 e5 9. g3 Bb4 10. dxe5 O-O 11. Bh3 Qe7 12. f4 f6 13. e6 Nc5 14. f5 Nba6 15.
O-O Rfd8 16. Qc2 Rd4 17. Rf4 Rad8 18. Be3 Rxf4 19. Bxf4 Bxc3 20. bxc3 Nxe6 21.
fxe6 Qc5+ 22. Ne3 g5 23. Kf2 gxf4 24. gxf4 Nc7 25. Rg1+ Kh8 26. c4 Rd4 27. Qf5
Qxf5 28. Nxf5 Rxc4 29. Nh6 Rxf4+ 30. Ke1 Bg6 31. Nf7+ Kg7 32. Nd6 Rxa4 33. Kf2
1/2-1/2

[Event "3rd FIDE Grand Prix Series 2014/15"]
[Site "Tbilisi GEO"]
[Date "2015.02.26"]
[Round "10"]
[White "Andreikin, Dmitry"]
[Black "Tomashevsky, Evgeny"]
[Result "1/2-1/2"]
[WhiteElo "2737"]
[BlackElo "2716"]
[PlyCount "93"]
[EventDate "2015.02.15"]

1. d4 d5 2. c4 e6 3. Nc3 c6 4. Nf3 dxc4 5. a4 Bb4 6. e3 b5 7. Bd2 a5 8. axb5
Bxc3 9. Bxc3 cxb5 10. b3 Bb7 11. bxc4 b4 12. Bb2 Nf6 13. Bd3 O-O 14. O-O Nbd7
15. Nd2 Qc7 16. f4 a4 17. Rb1 Rfd8 18. Qe2 b3 19. Ba1 Nf8 20. e4 N6d7 21. Kh1
Re8 22. Qg4 Ng6 23. Qg3 Rad8 24. Bb2 Qd6 25. Ra1 Qb4 26. Qe3 f5 27. e5 Qb6 28.
Rg1 Bc6 29. h3 Nb8 30. Kh2 Na6 31. g4 Nb4 32. gxf5 Nxd3 33. Qxd3 exf5 34. Qe3
Nf8 35. Nf1 Qb4 36. d5 Qxc4 37. dxc6 Ne6 38. Qc1 Qb4 39. Ba3 Qb6 40. c7 Rc8 41.
Qe3 Qxc7 42. Ng3 Qc2+ 43. Rg2 Rc3 44. Nxf5 Rxe3 45. Nh6+ Kh8 46. Nf7+ Kg8 47.
Nh6+ 1/2-1/2

[Event "European Championship 2015"]
[Site "Jerusalem ISR"]
[Date "2015.02.26"]
[Round "3"]
[White "Shimanov, Aleksandr"]
[Black "Navara, David"]
[Result "0-1"]
[WhiteElo "2594"]
[BlackElo "2735"]
[PlyCount "98"]
[EventDate "2015.02.24"]

1. d4 Nf6 2. c4 g6 3. Nf3 Bg7 4. g3 d5 5. cxd5 Nxd5 6. Bg2 Nb6 7. Nc3 Nc6 8. e3
O-O 9. O-O Re8 10. a3 e5 11. d5 Na5 12. Qc2 e4 13. Nd4 Bxd4 14. exd4 Bf5 15. b4
Nac4 16. Qb3 e3 17. Qd1 Qd7 18. Qe2 Bg4 19. Qd3 exf2+ 20. Rxf2 Re1+ 21. Rf1
Rae8 22. Ne4 R8xe4 23. Bxe4 Be2 24. Rxe1 Bxd3 25. Bxd3 Kg7 26. Ra2 Nd6 27. Rf2
Nxd5 28. Bc2 h5 29. Re5 Qc6 30. Re1 Qc3 31. Rd1 Ne3 32. Bxe3 Qxe3 33. Rd3 Qc1+
34. Bd1 Qb1 35. Rc2 Nc4 36. Kg2 c6 37. Rcc3 f5 38. Bb3 Nxa3 39. d5 Nb5 40. Rc2
cxd5 41. Rcd2 d4 42. Rd1 Qb2+ 43. R1d2 Qc1 44. Bd5 b6 45. h4 Kh6 46. Kh2 Qe1
47. Kg2 Nc3 48. Bb7 f4 49. Rf2 Nd1 0-1

[Event "European Championship 2015"]
[Site "Jerusalem ISR"]
[Date "2015.02.26"]
[Round "3"]
[White "Ipatov, Alexander"]
[Black "Eljanov, Pavel"]
[Result "1/2-1/2"]
[WhiteElo "2592"]
[BlackElo "2727"]
[PlyCount "67"]
[EventDate "2015.02.24"]

1. d4 d5 2. c4 c6 3. Nf3 Nf6 4. Nc3 e6 5. g3 Nbd7 6. Bg2 dxc4 7. O-O Be7 8. a4
O-O 9. a5 b5 10. axb6 Qxb6 11. Qa4 Nd5 12. Qxc4 a5 13. Qa4 Ba6 14. Re1 Rfd8 15.
Bd2 Nb4 16. Rec1 Bb7 17. Qd1 c5 18. Na4 Qb5 19. b3 h6 20. h4 Bc6 21. Qf1 Rac8
22. Bxb4 Qxb4 23. dxc5 Bb5 24. Qe1 Nxc5 25. Qxb4 axb4 26. Nxc5 Rxc5 27. Rxc5
Bxc5 28. Ra5 Rb8 29. e3 Bd6 30. Nd4 Bd3 31. Bf1 Be4 32. Bg2 Bd3 33. Bf1 Be4 34.
Bg2 1/2-1/2

[Event "European Championship 2015"]
[Site "Jerusalem ISR"]
[Date "2015.02.26"]
[Round "3"]
[White "Korobov, Anton"]
[Black "Solak, Dragan"]
[Result "1-0"]
[WhiteElo "2687"]
[BlackElo "2607"]
[PlyCount "43"]
[EventDate "2015.02.24"]

1. d4 d5 2. c4 c6 3. Nf3 Nf6 4. Nc3 dxc4 5. a4 Bf5 6. Ne5 Nbd7 7. Nxc4 Nb6 8.
Ne5 a5 9. h4 Nbd7 10. Qb3 Nxe5 11. dxe5 Nd7 12. e4 Be6 13. Qxb7 Nxe5 14. Bf4
Rb8 15. Qa6 Ra8 16. Qe2 Qb8 17. h5 Nd3+ 18. Qxd3 Qxf4 19. g3 Qd6 20. Qe3 Qb4
21. Bg2 Bc4 22. e5 1-0

[Event "European Championship 2015"]
[Site "Jerusalem ISR"]
[Date "2015.02.26"]
[Round "3"]
[White "Vitiugov, Nikita"]
[Black "Aleksandrov, Aleksej"]
[Result "1-0"]
[WhiteElo "2735"]
[BlackElo "2603"]
[PlyCount "49"]
[EventDate "2015.02.24"]

1. d4 Nf6 2. c4 e6 3. Nf3 d5 4. Nc3 Bb4 5. cxd5 exd5 6. Bg5 Nbd7 7. Qc2 c5 8.
g3 h6 9. Bf4 Qa5 10. Bg2 Ne4 11. Rc1 Qxa2 12. Nd2 Bxc3 13. bxc3 Qxc2 14. Rxc2
Nxd2 15. Kxd2 Nb6 16. dxc5 Nc4+ 17. Kd3 Bf5+ 18. e4 Bh7 19. Kd4 Na5 20. Kxd5
O-O-O+ 21. Bd6 b6 22. Ra1 Nb7 23. Rxa7 bxc5 24. Bh3+ f5 25. e5 1-0

[Event "European Championship 2015"]
[Site "Jerusalem ISR"]
[Date "2015.02.26"]
[Round "3"]
[White "Nepomniachtchi, Ian"]
[Black "Svetushkin, Dmitry"]
[Result "1/2-1/2"]
[WhiteElo "2714"]
[BlackElo "2592"]
[PlyCount "120"]
[EventDate "2015.02.24"]

1. e4 e5 2. Nf3 Nc6 3. d4 exd4 4. Nxd4 Bc5 5. Nxc6 Qf6 6. Qf3 bxc6 7. Nc3 Bd4
8. Bd2 Rb8 9. Na4 Qxf3 10. gxf3 Ne7 11. c3 Bf6 12. O-O-O d6 13. b3 O-O 14. Rg1
c5 15. Kc2 Bb7 16. Bd3 Nc8 17. Nb2 Nb6 18. f4 a5 19. a4 Rfe8 20. f3 d5 21. Rde1
Bc6 22. Bb5 Bxb5 23. axb5 Bh4 24. Re2 c4 25. Reg2 g6 26. exd5 cxb3+ 27. Kxb3
Nxd5 28. c4 Bf6 29. Na4 Nb6 30. Rc1 Red8 31. Nc5 a4+ 32. Ka2 Rd4 33. Na6 Rbd8
34. Bc3 Rxf4 35. c5 Nd5 36. Bxf6 Rxf6 37. Ka3 Rxf3+ 38. Kxa4 Re8 39. Rg3 Re4+
40. Ka5 Rf2 41. Ra1 Rd4 42. Ra4 Rd1 43. Nb4 Rxh2 44. b6 cxb6+ 45. cxb6 Nxb6 46.
Kxb6 Rh4 47. Ra8+ Kg7 48. Nc6 Rf4 49. Ra5 Rc1 50. Rb5 Rf6 51. Rc5 Rxc5 52. Kxc5
h5 53. Nd4 Rf2 54. Kd5 h4 55. Rf3 Rg2 56. Ke4 f6 57. Ne6+ Kf7 58. Nd8+ Kg7 59.
Ne6+ Kf7 60. Nd8+ Kg7 1/2-1/2

[Event "European Championship 2015"]
[Site "Jerusalem ISR"]
[Date "2015.02.26"]
[Round "3"]
[White "Zubov, Alexander"]
[Black "Bacrot, Etienne"]
[Result "1/2-1/2"]
[WhiteElo "2607"]
[BlackElo "2711"]
[PlyCount "47"]
[EventDate "2015.02.24"]

1. e4 e5 2. Nf3 Nc6 3. Bb5 Nf6 4. O-O Nxe4 5. Re1 Nd6 6. Nxe5 Be7 7. Bf1 Nxe5
8. Rxe5 O-O 9. d4 Bf6 10. Re1 Re8 11. Rxe8+ Nxe8 12. c3 d5 13. Bd3 c6 14. Bf4
g6 15. Nd2 Ng7 16. Nf3 Bf5 17. Bxf5 Nxf5 18. Qe2 Qe8 19. Qxe8+ Rxe8 20. Re1
Rxe1+ 21. Nxe1 Be7 22. Nd3 Ng7 23. g4 Ne6 24. Bb8 1/2-1/2

[Event "European Championship 2015"]
[Site "Jerusalem ISR"]
[Date "2015.02.26"]
[Round "3"]
[White "Vallejo Pons, Francisco"]
[Black "Iordachescu, Viorel"]
[Result "1/2-1/2"]
[WhiteElo "2706"]
[BlackElo "2590"]
[PlyCount "70"]
[EventDate "2015.02.24"]

1. d4 Nf6 2. c4 e6 3. Nc3 c5 4. d5 exd5 5. cxd5 d6 6. Nf3 g6 7. h3 a6 8. a4 Qe7
9. Bf4 Nbd7 10. e3 Bg7 11. Be2 O-O 12. O-O Ne8 13. Re1 Rb8 14. Qc2 b6 15. Rad1
h6 16. e4 g5 17. Bh2 Ne5 18. Bxe5 Bxe5 19. Nxe5 Qxe5 20. Nb1 b5 21. axb5 axb5
22. Nd2 Nf6 23. Bf1 Re8 24. Nf3 Qf4 25. Re3 Nd7 26. b4 c4 27. Nd4 Ne5 28. Ra1
Qf6 29. Ra5 Bd7 30. Ra7 Re7 31. Qc3 Bc8 32. Ra5 Bd7 33. Ra7 Bc8 34. Ra5 Bd7 35.
Ra7 Nd3 1/2-1/2

[Event "European Championship 2015"]
[Site "Jerusalem ISR"]
[Date "2015.02.26"]
[Round "3"]
[White "Inarkiev, Ernesto"]
[Black "Dvoirys, Semen I"]
[Result "1-0"]
[WhiteElo "2675"]
[BlackElo "2578"]
[PlyCount "61"]
[EventDate "2015.02.24"]

1. d4 Nf6 2. c4 e6 3. Nc3 Bb4 4. Qc2 c5 5. dxc5 Bxc5 6. Nf3 Qb6 7. e3 Be7 8. e4
Nc6 9. Bf4 Qa5 10. Rd1 O-O 11. Be2 Rd8 12. O-O d5 13. exd5 exd5 14. Nb5 Rd7 15.
a3 a6 16. Bc7 Rxc7 17. Nxc7 Qxc7 18. cxd5 Nxd5 19. Rxd5 Qf4 20. Qd2 Qf6 21. Ng5
h6 22. Ne4 Qg6 23. Bd3 Qg4 24. f3 Qh4 25. g3 Qh3 26. Re1 Qe6 27. Bb1 Bf8 28.
Nf2 Qf6 29. Re8 g6 30. Ne4 Qxf3 31. Qxh6 1-0

[Event "3rd FIDE Grand Prix Series 2014/15"]
[Site "Tbilisi GEO"]
[Date "2015.02.27"]
[Round "11"]
[White "Mamedyarov, S."]
[Black "Svidler, P."]
[Result "1/2-1/2"]
[WhiteElo "2759"]
[BlackElo "2739"]
[PlyCount "25"]
[EventDate "2015.02.14"]

1. d4 Nf6 2. c4 g6 3. Nf3 Bg7 4. g3 c5 5. Bg2 O-O 6. O-O cxd4 7. Nxd4 d5 8.
cxd5 Nxd5 9. Nb5 Be6 10. Nd4 Bc8 11. Nb5 Be6 12. Nd4 Bc8 13. Nb5 1/2-1/2

[Event "3rd FIDE Grand Prix Series 2014/15"]
[Site "Tbilisi GEO"]
[Date "2015.02.27"]
[Round "11"]
[White "Tomashevsky, E."]
[Black "Radjabov, T."]
[Result "1/2-1/2"]
[WhiteElo "2716"]
[BlackElo "2731"]
[PlyCount "61"]
[EventDate "2015.02.14"]

1. d4 Nf6 2. c4 g6 3. Nc3 Bg7 4. e4 d6 5. Nf3 O-O 6. h3 e5 7. d5 Nh5 8. g3 f5
9. exf5 gxf5 10. Nh4 Nf6 11. Bg5 Na6 12. Bd3 h6 13. Be3 Nh7 14. Qh5 e4 15. Bc2
Nb4 16. O-O-O Nxc2 17. Kxc2 Bd7 18. Bd4 Qg5 19. Qe2 Bxd4 20. Rxd4 Qf6 21. Qe3
Ng5 22. Ne2 a5 23. Nf4 Kh7 24. Kb1 b6 25. Rc1 Rae8 26. Rd2 Rf7 27. Rdc2 Rfe7
28. Nhg6 Rg7 29. Nh4 Rge7 30. Nhg6 Rg7 31. Nh4 1/2-1/2

[Event "3rd FIDE Grand Prix Series 2014/15"]
[Site "Tbilisi GEO"]
[Date "2015.02.27"]
[Round "11"]
[White "Jakovenko, D."]
[Black "Kasimdzhanov, R."]
[Result "1/2-1/2"]
[WhiteElo "2733"]
[BlackElo "2705"]
[PlyCount "61"]
[EventDate "2015.02.14"]

1. d4 d5 2. c4 e6 3. Nf3 Nf6 4. Nc3 Be7 5. Bf4 O-O 6. e3 Nbd7 7. a3 c5 8. cxd5
Nxd5 9. Nxd5 exd5 10. dxc5 Nxc5 11. Be2 Bf6 12. Be5 Bxe5 13. Nxe5 Re8 14. Nf3
Qb6 15. Rc1 Ne6 16. Qd2 Rd8 17. Nd4 Bd7 18. Nxe6 Bxe6 19. Qd4 Qxd4 20. exd4
Rac8 21. Kd2 Kf8 22. Bd3 h6 23. Rxc8 Rxc8 24. Rc1 Rxc1 25. Kxc1 Ke7 26. Kd2 Kd6
27. h4 g5 28. hxg5 hxg5 29. Ke3 f6 30. f4 Bg4 31. fxg5 1/2-1/2

[Event "3rd FIDE Grand Prix Series 2014/15"]
[Site "Tbilisi GEO"]
[Date "2015.02.27"]
[Round "11"]
[White "Jobava, Ba"]
[Black "Andreikin, D."]
[Result "1/2-1/2"]
[WhiteElo "2696"]
[BlackElo "2737"]
[PlyCount "87"]
[EventDate "2015.02.14"]

1. d4 d5 2. c4 c6 3. Nc3 Nf6 4. Nf3 a6 5. Bg5 dxc4 6. a4 h6 7. Bxf6 exf6 8. e3
b5 9. axb5 cxb5 10. Nxb5 axb5 11. Rxa8 Bb7 12. Ra1 Bb4+ 13. Nd2 Qd6 14. f3 O-O
15. Kf2 f5 16. g3 Bxd2 17. Qxd2 Bxf3 18. Kxf3 Qd5+ 19. Kf2 Qxh1 20. Qa5 Nc6 21.
Bg2 Qxg2+ 22. Kxg2 Nxa5 23. Rxa5 Rb8 24. Kf3 b4 25. Ke2 g6 26. Kd2 Rc8 27. Rb5
c3+ 28. bxc3 bxc3+ 29. Kc2 Kf8 30. Rc5 Ra8 31. Kb3 Ra1 32. Rxc3 Rh1 33. Rc2 Re1
34. Kc4 Rxe3 35. Kc5 g5 36. d5 f4 37. gxf4 gxf4 38. Kd4 Ke7 39. Rf2 Rh3 40. Ke4
f3 41. Rxf3 Rxh2 42. d6+ Ke6 43. d7 Rd2 44. Rh3 1/2-1/2

[Event "3rd FIDE Grand Prix Series 2014/15"]
[Site "Tbilisi GEO"]
[Date "2015.02.27"]
[Round "11"]
[White "Grischuk, A."]
[Black "Vachier Lagrave, M."]
[Result "1/2-1/2"]
[WhiteElo "2810"]
[BlackElo "2775"]
[PlyCount "100"]
[EventDate "2015.02.14"]

1. c4 Nf6 2. Nc3 e5 3. Nf3 Nc6 4. g3 d5 5. cxd5 Nxd5 6. Bg2 Nb6 7. O-O Be7 8.
d3 O-O 9. Be3 Be6 10. Rc1 Nd5 11. Nxd5 Bxd5 12. Qa4 a6 13. a3 Re8 14. Rfd1 Qd6
15. Rc3 Bxf3 16. exf3 Nd4 17. Bxd4 exd4 18. Rc2 c6 19. Qb3 Qd7 20. Re2 Bf8 21.
Re4 b5 22. f4 Rxe4 23. Bxe4 Rc8 24. a4 c5 25. axb5 axb5 26. Rc1 g6 27. Kg2 Kg7
28. h3 h5 29. h4 Be7 30. Qd5 Qxd5 31. Bxd5 c4 32. dxc4 d3 33. b3 Bb4 34. Rd1
bxc4 35. bxc4 d2 36. Kf3 Re8 37. Kg2 Re1 38. Bf3 f5 39. c5 Kf6 40. c6 Ke7 41.
Kh3 Kd6 42. Kg2 Ba5 43. Kh3 Rxd1 44. Bxd1 Kxc6 45. Kg2 Kc5 46. Kf1 Kb4 47. Ke2
Bb6 48. Bc2 Kc3 49. Ba4 Bc5 50. Kd1 Bxf2 1/2-1/2

[Event "3rd FIDE Grand Prix Series 2014/15"]
[Site "Tbilisi GEO"]
[Date "2015.02.27"]
[Round "11"]
[White "Giri, A."]
[Black "Dominguez Perez, L."]
[Result "1/2-1/2"]
[WhiteElo "2797"]
[BlackElo "2726"]
[PlyCount "126"]
[EventDate "2015.02.14"]

1. d4 Nf6 2. c4 e6 3. Nf3 Bb4+ 4. Nbd2 O-O 5. a3 Be7 6. e4 d6 7. Be2 c5 8. d5
Nbd7 9. O-O e5 10. Ne1 Ne8 11. Nd3 g6 12. b4 b6 13. a4 a5 14. bxa5 Rxa5 15. Nb3
Ra6 16. Bh6 Ng7 17. Qd2 Nf6 18. f3 Kh8 19. a5 Ng8 20. Be3 f5 21. axb6 Rxa1 22.
Rxa1 Qxb6 23. Qc2 Nf6 24. Nf2 Bd7 25. Rb1 Rb8 26. Nd2 Qa7 27. Rxb8+ Qxb8 28. f4
exf4 29. Bxf4 fxe4 30. g4 Qf8 31. Be3 h5 32. h3 hxg4 33. hxg4 Nge8 34. Kg2 Qg7
35. Qb1 Kg8 36. Qb8 Bf8 37. Qb3 Qe7 38. Bf4 e3 39. Qxe3 Qxe3 40. Bxe3 Be7 41.
Kg3 Nh7 42. Nf3 Kg7 43. Bd3 Kf7 44. Bc2 Kg7 45. Bd2 Nef6 46. Bc3 Kf7 47. Nh4
Nf8 48. Nf3 Bc8 49. Ng5+ Kg8 50. Nf3 Ba6 51. Bd3 Kf7 52. Ba5 Ke8 53. Kf4 Bd8
54. Bc3 Be7 55. Nd2 N6d7 56. Nd1 Bf6 57. Bxf6 Nxf6 58. Ne3 N6d7 59. Nf3 Kf7 60.
Bf1 Kf6 61. Ng5 Ke7 62. Ne4 Nh7 63. Be2 Nhf6 1/2-1/2

[Event "European Championship 2015"]
[Site "Jerusalem ISR"]
[Date "2015.02.27"]
[Round "4"]
[White "Navara, David"]
[Black "Najer, Evgeniy"]
[Result "1/2-1/2"]
[WhiteElo "2735"]
[BlackElo "2634"]
[PlyCount "56"]
[EventDate "2015.02.24"]

1. d4 Nf6 2. c4 e6 3. Nf3 Bb4+ 4. Nbd2 O-O 5. a3 Be7 6. e4 d5 7. e5 Nfd7 8. Bd3
c5 9. h4 g6 10. h5 cxd4 11. Qc2 Nc5 12. Bf1 a5 13. Nxd4 dxc4 14. N2f3 g5 15.
Bxc4 g4 16. Ba2 Nbd7 17. Ng5 Bxg5 18. Bb1 f5 19. exf6 Nxf6 20. Bxg5 Qxd4 21.
Be3 Qe4 22. Qxc5 Qxg2 23. Rf1 Qd5 24. f3 b6 25. Qxd5 Nxd5 26. Bh6 Rf6 27. Bg5
Rxf3 28. Rxf3 gxf3 1/2-1/2

[Event "European Championship 2015"]
[Site "Jerusalem ISR"]
[Date "2015.02.27"]
[Round "4"]
[White "Lupulescu, Constantin"]
[Black "Korobov, Anton"]
[Result "0-1"]
[WhiteElo "2626"]
[BlackElo "2687"]
[PlyCount "124"]
[EventDate "2015.02.24"]

1. d4 d5 2. c4 c6 3. Nf3 Nf6 4. e3 Bf5 5. Nc3 e6 6. Nh4 Be4 7. f3 Bg6 8. Qb3
Qc7 9. Bd2 Be7 10. g3 Bh5 11. Be2 a6 12. O-O dxc4 13. Bxc4 b5 14. Be2 c5 15.
dxc5 Nbd7 16. Rac1 Nxc5 17. Qc2 Qb7 18. b4 Ncd7 19. Qb3 g5 20. Ng2 Ne5 21. e4
g4 22. Nf4 Qb6+ 23. Kh1 Bg6 24. Nxg6 hxg6 25. f4 Nc6 26. Qb1 Rd8 27. Be1 Qb7
28. Kg1 Nd4 29. Bd1 g5 30. e5 Nd7 31. Qe4 Qxe4 32. Nxe4 gxf4 33. gxf4 Nb6 34.
Bf2 Nc4 35. Kg2 Nf5 36. Rc3 Rh3 37. Ng3 Nh4+ 38. Kg1 Rxd1 39. Rxd1 Bxb4 40.
Rcd3 Nf3+ 41. Kf1 Be7 42. Rd7 Rxh2 43. Ne4 Kf8 44. Nf6 Bxf6 45. exf6 Kg8 46.
Rd8+ Kh7 47. R1d7 Kg6 48. Rg8+ Kf5 49. Ke2 Ncd2 50. Ke3 Nf1+ 51. Ke2 g3 52.
Rxg3 Nxg3+ 53. Kxf3 Ne4 54. Bd4 Rh3+ 55. Ke2 Kg6 56. f5+ exf5 57. Rd8 f4 58.
Rg8+ Kf5 59. Rf8 f3+ 60. Ke3 f2+ 61. Ke2 Rf3 62. Be5 Kxe5 0-1

[Event "European Championship 2015"]
[Site "Jerusalem ISR"]
[Date "2015.02.27"]
[Round "4"]
[White "Vitiugov, Nikita"]
[Black "Vovk, Yuri"]
[Result "1-0"]
[WhiteElo "2735"]
[BlackElo "2588"]
[PlyCount "103"]
[EventDate "2015.02.24"]

1. Nf3 Nf6 2. c4 g6 3. Nc3 d5 4. cxd5 Nxd5 5. d3 Bg7 6. Bd2 c5 7. g3 Nc6 8. Bg2
O-O 9. Qc1 Nxc3 10. bxc3 c4 11. d4 e5 12. dxe5 Nxe5 13. Nd4 Qe7 14. O-O Bg4 15.
h3 Bd7 16. Rb1 Rab8 17. Be3 Rfe8 18. Nb5 Bf5 19. Rb2 a6 20. Nd4 Bd7 21. Rb6 Nc6
22. Nxc6 Bxc6 23. Bxc6 bxc6 24. Rxa6 Qe6 25. h4 Qg4 26. Bf4 Rbd8 27. e3 Qf3 28.
Qc2 Be5 29. Bxe5 Rxe5 30. Re1 Rd3 31. Rb6 Red5 32. Qe2 Qe4 33. Rxc6 Rd8 34. Rf6
Rxc3 35. Rf4 Qe6 36. h5 g5 37. Rd4 Rxd4 38. exd4 Qxe2 39. Rxe2 Rd3 40. Re5 h6
41. d5 Kg7 42. Re4 c3 43. Rc4 Kf6 44. Kf1 Ke5 45. Ke2 Rd2+ 46. Ke3 Rxa2 47.
Rxc3 Kxd5 48. Rc7 Ra3+ 49. Ke2 f5 50. Rf7 Ke5 51. Re7+ Kd5 52. Rf7 1-0

[Event "European Championship 2015"]
[Site "Jerusalem ISR"]
[Date "2015.02.27"]
[Round "4"]
[White "Eljanov, Pavel"]
[Black "Beliavsky, Alexander G"]
[Result "1/2-1/2"]
[WhiteElo "2727"]
[BlackElo "2623"]
[PlyCount "66"]
[EventDate "2015.02.24"]

1. d4 d5 2. c4 c6 3. Nf3 Nf6 4. Nc3 dxc4 5. a4 Bf5 6. e3 e6 7. Bxc4 Bb4 8. O-O
Nbd7 9. Nh4 O-O 10. h3 Bg6 11. Nxg6 hxg6 12. Qc2 Qe7 13. Na2 Bd6 14. e4 e5 15.
f4 Nh5 16. Rf3 Nxf4 17. Bxf4 exf4 18. e5 Bc7 19. Kh1 Nb6 20. Bb3 Rad8 21. a5
Nd5 22. a6 Bb6 23. Qe4 Ne3 24. Qxf4 Nf5 25. d5 cxd5 26. Nc3 Be3 27. Qg4 Qxe5
28. axb7 Bb6 29. Qf4 Qxf4 30. Rxf4 Ne3 31. Na4 Rd7 32. Nxb6 axb6 33. Rf3 Nc4
1/2-1/2